ACM transactions on intelligent systems and technology (Registro nro. 12655)

Detalles MARC
000 -Cabecera
Campo de control interno 00487nam a2200181Ia 4500
005 - Fecha y hora del registro
control field 20260306162957.0
008 - Elementos de Longitud Fija
fixed length control field 260306t2022||||xx |||||||||||||| ||spa||
041 ## - Idioma
Codigo Idioma ESP
082 ## - DEWEY y NOTACIÓN INTERNA
Dewey HR 620
Notación Interna V. 13 N° 1 2022 IST
110 ## - AUTOR INSTTITUCIONAL
Autor Institucional Association for Computing Machinery
245 #0 - TÍTULO DE MATERIAL BIBLIOGRÁFICO
Título ACM transactions on intelligent systems and technology
260 ## - CIUDAD, EDITORIAL, AÑO
Año 2022
300 ## - DESCRIPCIÓN
N° Páginas varias paginaciones :
Dimensiones 25 cm.
650 ## - TEMAS
Temas Generalidades
654 ## - PROGRAMAS
Programa Dpto. de Ingeniería Electrónica y Telecomunicaciones
942 ## - ELEMENTOS DE KOHA
Tipo de documento Revista
Nombre del creador Justo Noguera
Código de catalogador Justo Noguera
Esquema de clasificación Dewey Decimal Classification
Suppress in OPAC
Existencias
Codigo completo Registro Colección Copia número Disponibilidad Tipo de préstamo Biblioteca Actual Procedencia (Biblioteca) Ubicacón Fecha Ingreso Tipo de Adquisición Date last seen Total checkouts Price effective from Tipo de Item Estado del Material Fuente de Clasificación Damaged status Withdrawn status
HR 620 V. 13 N° 1 2022 IST 1074438 Universidad Católica San Pablo 1 Disponible Disponible Víctor Andrés Belaunde Víctor Andrés Belaunde Planta baja abierta 03/06/2026 Suscripción 06/03/2026   06/03/2026 Revista Bueno Dewey Decimal Classification